The Economist book of obituaries (Record no. 14798)
[ view plain ]
| 000 -LEADER | |
|---|---|
| fixed length control field | 01244nam a2200337Ia 4500 |
| 245 04 - TITLE STATEMENT | |
| Title | The Economist book of obituaries |
| 260 ## - PUBLICATION, DISTRIBUTION, ETC. (IMPRINT) | |
| Place of publication | New York : |
| Name of publisher | Bloomberg Press, |
| Year of publication | c2008. |
| 300 ## - PHYSICAL DESCRIPTION | |
| Number of Pages | 409 p. : |
| Other physical details | ill. |
| 650 #0 - SUBJECT ADDED ENTRY--TOPICAL TERM | |
| Topical Term | Biography |
| Topical Term | Obituaries. |
| 700 1# - ADDED ENTRY--PERSONAL NAME | |
| Personal name | Colquhoun, Keith. |
| Personal name | Wroe, Ann. |
| 856 40 - ELECTRONIC LOCATION AND ACCESS | |
| Uniform Resource Identifier | http://site.ebrary.com/lib/rucke/Doc?id=10255117 |
No items available.
